000 00705nam a2200205Ii 4500
003 JO-AjNU
008 230605s9999||||xx |||||||||||||| ||und||
017 _a1997/5/543
040 _aJO-AjNU
_bara
_erda
_cJO-AjNU
041 _aara
050 1 4 _aSB404 1997
100 3 _aالكباريتي ، زينه/ م مشارك اروى عطية ,
_eauthor
_921058
245 0 0 _a55طريقة لتنسيق الزهور وصناعتها في المنزل
264 3 1 _aعمان:دار الاسراء للنشر ، 1997
300 _a78ص
336 _atext
_btxt
_2rdacontent
337 _aunmediated
_bn
_2rdamedia
338 _avolume
_bnc
_2rdacarrier
650 4 _aالفنون -تنسيق الزهور
_921059
999 _aA7252
_c10820
_d10820